[Event "SLO-ch blind int 8th"]
[Site "Izola"]
[Date "2009.06.19"]
[Round "6"]
[White "Novak, Aleksander"]
[Black "Kalik, Jan"]
[Result "0-1"]
[WhiteElo "1676"]
[BlackElo "2016"]
[PlyCount "114"]
[EventDate "2009.06.15"]
[EventType "swiss"]
[EventRounds "7"]
[EventCountry "SLO"]
[SourceTitle "EXT 2011"]
[Source "ChessBase"]
[SourceDate "2010.11.26"]
[SourceVersion "1"]
[SourceVersionDate "2010.11.26"]
[SourceQuality "1"]

1. e4 c5 2. Nf3 e6 3. d4 cxd4 4. Nxd4 a6 5. Nc3 Qc7 6. a3 Nc6 7. Nxc6 bxc6 8. Bd3 Nf6 9. Be3 Be7 10. Qd2 d6 11. h3 Rb8 12. Rb1 0-0 13. 0-0 e5 14. f4 Nd7 15. Rf3 exf4 16. Bxf4 Ne5 17. Re3 Ng6 18. Rf3 Bf6 19. Bg5 Bd4+ 20. Kh1 Qa5 21. Bc4 Qe5 22. Bb3 h6 23. Be3 Bxe3 24. Qxe3 Be6 25. Qa7 Bxb3 26. cxb3 Rxb3 27. Qxa6 Rfb8 28. Qxc6 Rxb2 29. Rxb2 Rxb2 30. Qc8+ Kh7 31. Qg4 Rc2 32. Qg3 Qd4 33. Rd3 Rc1+ 34. Nd1 Rxd1+ 35. Rxd1 Qxd1+ 36. Kh2 Qd4 37. Qg4 Qe5+ 38. Qg3 Ne7 39. Qxe5 dxe5 40. a4 Nc6 41. Kg3 Kg6 42. Kf3 f5 43. Ke3 fxe4 44. Kxe4 Kf6 45. Kd5 Na5 46. g4 g5 47. Kc5 Ke6 48. Kb5 Nb7 49. Kc4 Kd6 50. Kd3 Kd5 51. Ke3 e4 52. Kd2 Kd4 53. Ke2 e3 54. Ke1 Kd3 55. Kd1 e2+ 56. Ke1 Ke3 57. a5 Nc5 0-1

[Event "SLO-ch blind"]
[Site "Okroglo"]
[Date "2008.04.30"]
[Round "8"]
[White "Turicnik, Vlado"]
[Black "Novak, Aleksander"]
[Result "0-1"]
[WhiteElo "2032"]
[BlackElo "1620"]
[PlyCount "68"]
[EventDate "2008.04.26"]
[EventType "swiss"]
[EventRounds "9"]
[EventCountry "SLO"]
[SourceTitle "EXT 2010"]
[Source "ChessBase"]
[SourceDate "2010.11.25"]
[SourceVersion "1"]
[SourceVersionDate "2010.11.25"]
[SourceQuality "1"]

1. e4 e5 2. Nf3 Nc6 3. Bb5 a6 4. Ba4 d6 5. d4 Bd7 6. Bxc6 Bxc6 7. dxe5 Bxe4 8. exd6 Bxd6 9. Bg5 Bxf3 10. Qxf3 Qxg5 11. 0-0 0-0-0 12. Nc3 Nf6 13. g3 Qg4 14. Qxg4+ Nxg4 15. h3 Nf6 16. a3 Rhe8 17. Rfe1 Rxe1+ 18. Rxe1 Re8 19. Rb1 c6 20. Kf1 Ne4 21. Nxe4 Rxe4 22. Rd1 Kc7 23. c3 Re5 24. Rc1 Rd5 25. Ke2 b5 26. h4 Rf5 27. Rc2 Bc5 28. Ke1 Bd6 29. Ke2 a5 30. Ke1 h5 31. Ke2 f6 32. Ke1 g5 33. hxg5 fxg5 34. Kf1 Bxg3 0-1

[Event "SLO-ch blind"]
[Site "Okroglo"]
[Date "2008.04.29"]
[Round "6"]
[White "Novak, Aleksander"]
[Black "Kumer, Vladimir"]
[Result "0-1"]
[WhiteElo "1620"]
[BlackElo "1727"]
[PlyCount "120"]
[EventDate "2008.04.26"]
[EventType "swiss"]
[EventRounds "9"]
[EventCountry "SLO"]
[SourceTitle "EXT 2010"]
[Source "ChessBase"]
[SourceDate "2010.11.25"]
[SourceVersion "1"]
[SourceVersionDate "2010.11.25"]
[SourceQuality "1"]

1. Nf3 Nf6 2. d4 g6 3. c4 Bg7 4. Nc3 d6 5. e4 0-0 6. Bg5 Nbd7 7. g3 a6 8. Qe2 e5 9. dxe5 dxe5 10. Rd1 Qe8 11. Nd5 Nxd5 12. cxd5 f6 13. Bc1 Rf7 14. Bh3 Nf8 15. Bxc8 Rxc8 16. 0-0 Rd8 17. b3 Kh8 18. Ba3 Rfd7 19. Rc1 f5 20. Rfd1 Qf7 21. Ng5 Qf6 22. h4 h6 23. Nf3 Qf7 24. exf5 Qxf5 25. Bxf8 Rxf8 26. Re1 Qxf3 27. Qxf3 Rxf3 28. Re2 Rd3 29. Rec2 R3xd5 30. Rxc7 Kh7 31. Kg2 e4 32. R7c4 Rd4 33. Rc8 Rd2 34. R1c7 Rxc7 35. Rxc7 e3 36. Rxb7 Rxf2+ 37. Kg1 Rxa2 38. Re7 e2 39. Kf2 h5 40. Rxe2 Rxe2+ 41. Kxe2 Be5 42. Kf3 Kg7 43. g4 hxg4+ 44. Kxg4 a5 45. h5 gxh5+ 46. Kxh5 Kf6 47. Kg4 Ke6 48. Kf3 Kd5 49. Ke3 Kc5 50. b4+ Kxb4 51. Kd2 Kb3 52. Kc1 a4 53. Kb1 a3 54. Kc1 a2 55. Kd2 a1Q 56. Kd3 Qd4+ 57. Ke2 Qc3 58. Kd1 Qb2 59. Ke1 Bd4 60. Kf1 Qf2# 0-1